Un fantástico regalo / (Registro nro. 58240)
[ vista simple ]
| 000 -CABECERA | |
|---|---|
| Longitud fija campo de control | 01118cam a2200337 a 4500 |
| 003 - • IDENTIFICADOR DELl NÚMERO DE CONTROL | |
| Identificador del número de control | CO-BoRNBP |
| 005 - • FECHA Y HORA DE LA ÚLTIMA TRANSACCIÓN | |
| Fecha y hora de la última transacción | 20250820205951.0 |
| 007 - • CAMPO FIJO DE DESCRIPCIÓN FÍSICA | |
| Campo fijo de descripción física | ta |
| 008 - • CÓDIGOS DE INFORMACIÓN DE LONGITUD FIJA | |
| Códigos de información de longitud fija | 180605s2018 ck a gr 000 jdspa |
| 020 ## - • NÚMERO INTERNACIONAL NORMALIZADO PARA LIBROS | |
| Número Internacional Normalizado para Libros (ISBN) | 9789580517818 |
| 040 ## - FUENTE DE LA CATALOGACIÓN | |
| Centro catalogador de origen | CO-BoBN |
| Lengua de catalogación | spa |
| Centro transcriptor | CO-BoBN |
| 082 04 - • NÚMERO DE LA CLASIFICACIÓN DECIMAL DEWEY | |
| Número de clasificación (R) | Co863.5 |
| Número de edición | 23 |
| 084 ## - • Clasificación Local Alfanúmerica PNLB | |
| Número de clasificación | C VAL |
| 100 1# - • PUNTO DE ACCESO PRINCIPAL-NOMBRE DE PERSONA | |
| Nombre de persona | Vallejo, Beatriz Eugenia, |
| Fechas asociadas al nombre | 1963- |
| 245 10 - • TITULO PROPIAMENTE DICHO | |
| Título | Un fantástico regalo / |
| Mención de responsabilidad, etc. | Beatriz Eugenia Vallejo |
| 250 ## - • MENCIÓN DE EDICIÓN | |
| Mención de edición | 1a. ed. |
| 300 ## - • DESCRIPCIÓN FÍSICA | |
| Extensión | 29 p. : |
| Otras características físicas | principalmente il. col. ; |
| Dimensiones | 24 cm |
| 336 ## - TIPO DE CONTENIDO | |
| Fuente | rdacontent |
| Término de tipo de contenido | texto |
| Código de tipo de contenido | txt |
| 337 ## - TIPO DE MEDIO | |
| Fuente | rdamedia |
| Nombre del tipo de medio | sin mediación |
| Código del tipo de medio | n |
| 338 ## - TIPO DE SOPORTE | |
| Fuente | rdacarrier |
| Nombre del tipo de soporte | volumen |
| Código del tipo de soporte | nc |
| 490 0# - • MENCIÓN DE SERIE | |
| Mención de serie | Tengo derecho a--. La democracia |
| 490 0# - • MENCIÓN DE SERIE | |
| Mención de serie | Plan lector educar. El placer de leer |
| 500 ## - • NOTA GENERAL | |
| Nota general | Incluye datos biográficos de la autora |
| 500 ## - • NOTA GENERAL | |
| Nota general | "Declaración universal de los derechos humanos"--Cubierta |
| 650 14 - • PUNTO DE ACCESO ADICIONAL DE MATERIA - TÉRMINO DE MATERIA | |
| Término de materia o nombre geográfico como elemento inicial | Democracia |
| Subdivisión de forma | Cuentos |
| Fuente del encabezamiento o término | LEMB |
| 650 24 - • PUNTO DE ACCESO ADICIONAL DE MATERIA - TÉRMINO DE MATERIA | |
| Término de materia o nombre geográfico como elemento inicial | Cuentos infantiles colombianos |
| Subdivisión cronológica | Siglo XXI |
| Fuente del encabezamiento o término | LEMB |
| 650 24 - • PUNTO DE ACCESO ADICIONAL DE MATERIA - TÉRMINO DE MATERIA | |
| Término de materia o nombre geográfico como elemento inicial | Libros ilustrados para niños |
| Fuente del encabezamiento o término | LEMB |
| 942 ## - ENTRADA DE ELEMENTOS AGREGADOS (KOHA) | |
| Fuente de clasificaión o esquema | Dewey Decimal Classification |
| Koha [por defecto] tipo de item | LIbro |
| 990 ## - EQUIVALENCIA O SECCIÓN-REFERENCIA [LOCAL, CANADA] | |
| Enlace de información para campos 9XX | 2018-4298 |
| Enlace de información para campo correspondiente a campo 9XX | Educar Editores S.A. |
| Perdido | Fuente de clasificación o esquema | Estado Físico | No para préstamo | Forma de adquisición | Localización permanente | Localización actual | Localización en estanterías | Fecha adquisición | Préstamos totales | Signatura completa | Código de barras | Fecha última consulta | Número de copia | Fecha del precio de reemplazo | Tipo de item de Koha |
|---|---|---|---|---|---|---|---|---|---|---|---|---|---|---|---|
| Clasificación Local Facetada | Infantil | Biblioteca Pública San Juanito - Ernesto Maria Peña Romero | Biblioteca Pública San Juanito - Ernesto Maria Peña Romero | Sala Infantil | 08/20/2025 | C VAL | SJU01438 | 08/20/2025 | Ej.1 | 08/20/2025 | LIbro |